1 Peter / (Record no. 125177)
[ view plain ]
| 000 -LEADER | |
|---|---|
| fixed length control field | 01254cam a2200313 a 4500 |
| 001 - CONTROL NUMBER | |
| control field | 6762895 |
| 003 - CONTROL NUMBER IDENTIFIER | |
| control field | ARRUPE |
| 005 - DATE AND TIME OF LATEST TRANSACTION | |
| control field | 20160905083832.0 |
| 008 - FIXED-LENGTH DATA ELEMENTS--GENERAL INFORMATION | |
| fixed length control field | 071129s2008 nyub b 001 0 eng d |
| 020 ## - INTERNATIONAL STANDARD BOOK NUMBER | |
| International Standard Book Number | 9780567031693 |
| 020 ## - INTERNATIONAL STANDARD BOOK NUMBER | |
| International Standard Book Number | 0567031691 |
| 024 ## - OTHER STANDARD IDENTIFIER | |
| Standard number or code | 40015458932 |
| 035 ## - SYSTEM CONTROL NUMBER | |
| System control number | (OCoLC)ocn182731686 |
| 035 ## - SYSTEM CONTROL NUMBER | |
| System control number | (NNC)6762895 |
| 040 ## - CATALOGING SOURCE | |
| Original cataloging agency | BTCTA |
| Transcribing agency | BTCTA |
| Modifying agency | BAKER |
| -- | YDXCP |
| -- | IDI |
| -- | OrLoB-B |
| 050 #4 - LIBRARY OF CONGRESS CALL NUMBER | |
| Classification number | BS2795.3H816 |
| 300 ## - PHYSICAL DESCRIPTION | |
| Other physical details | map ; |
| Dimensions | 22 cm. |
| 100 1# - MAIN ENTRY--PERSONAL NAME | |
| Personal name | Horrell, David G. |
| 9 (RLIN) | 22881 |
| 245 00 - TITLE STATEMENT | |
| Title | 1 Peter / |
| Statement of responsibility, etc | David G. Horrell |
| 260 ## - PUBLICATION, DISTRIBUTION, ETC. (IMPRINT) | |
| Place of publication, distribution, etc | New York : |
| Name of publisher, distributor, etc | T&t Clark Ltd., |
| Date of publication, distribution, etc | 2008. |
| 300 ## - PHYSICAL DESCRIPTION | |
| Extent | [ix], 126 p. : |
| 490 1# - SERIES STATEMENT | |
| Series statement | New Testament guides |
| 504 ## - BIBLIOGRAPHY, ETC. NOTE | |
| Bibliography, etc | Includes bibliographical references and indexes. |
| 505 00 - FORMATTED CONTENTS NOTE | |
| Title | Map of Asia Minor -- |
| -- | Introduction: Rescuing 1 Peter -- |
| Miscellaneous information | 1. |
| Title | What Kind of Text is 1 Peter? -- |
| Miscellaneous information | 2. |
| Title | Traditions in 1 Peter -- |
| Miscellaneous information | 3. |
| Title | The Situation, Identity and Suffering of the Addressees of 1 Peter -- |
| Miscellaneous information | 4. |
| Title | Jewish Scriptures and Christian Identity -- |
| Miscellaneous information | 5. |
| Title | Becoming Christian in a Hostile World -- |
| Miscellaneous information | 6. |
| Title | Assessing 1 Peter: An Ambivalent Legacy? |
| 630 00 - SUBJECT ADDED ENTRY--UNIFORM TITLE | |
| Uniform title | Bible. |
| Name of part/section of a work | Peter, |
| General subdivision | Commentaries |
| 9 (RLIN) | 25576 |
| 830 #0 - SERIES ADDED ENTRY--UNIFORM TITLE | |
| Uniform title | New Testament guides. |
| 9 (RLIN) | 25577 |
| 900 ## - EQUIVALENCE OR CROSS-REFERENCE-PERSONAL NAME [LOCAL, CANADA] | |
| Numeration | TOC |
| 942 ## - ADDED ENTRY ELEMENTS (KOHA) | |
| Source of classification or shelving scheme | Library of Congress Classification |
| Koha item type | Monograph ( Printed materials) |
| 948 1# - LOCAL PROCESSING INFORMATION (OCLC); SERIES PART DESIGNATOR (RLIN) | |
| Series part designator, SPT (RLIN) | 20080721 |
| b (OCLC) | c |
| c (OCLC) | ks26 |
| d (OCLC) | MPS |
| Withdrawn status | Lost status | Source of classification or shelving scheme | Damaged status | Not for loan | Collection code | Home library | Current library | Shelving location | Date acquired | Total Checkouts | Full call number | Barcode | Date last seen | Price effective from | Koha item type |
|---|---|---|---|---|---|---|---|---|---|---|---|---|---|---|---|
| Library of Congress Classification | Main Collection | ARRUPE LIBRARY | ARRUPE LIBRARY | Main Collection | 05/09/2016 | BS2795.3H816 | 46500009572 | 05/09/2016 | 05/09/2016 | Monograph ( Printed materials) |